00658nam a2200181 a 450000500170000000800410001702000180005805000240007610000290010024500940012925000220022326000390024530000100028444000340029465000150032899900190034395201140036220140412111237.0010328s19uu xx 00 eng d a0-590-30680-4 aTR(GS 418bROT 1980 aRothstein, Gloria Lesser aVocabulary skills :bmeaning through structure and context /cby Gloria Lesser Rothstein. aTeacher's Edition aNew York :bScholastic Inc,c1980. a64 p. aA Scholastic B Skills Program aVocabulary c102538d102538 001040aELbELcTRd2001-03-28eLib. Fundl0oTR(GS 418 ROT 1980pE2001r2014-04-12 00:00:00w2014-04-12yBK